000 02033cam a22004337a 4500
003 CHAP
005 20220329135819.0
008 971013m1994 mx rs o00110 spa d
010 _a42656
011 _a43628
020 _a970-13-3339-X
020 _a9701337646
035 _a47764
040 _cCHAP
082 0 4 _a317.2
_bI53
110 2 _aInstituto Nacional de Estadística, Geografía e Informática. México
_959304
245 1 0 _aConociendo las estadísticas en México
_c/por Instituto Nacional de Estadística, Geografía e Informática
260 _aAguascalientes, Ags. :
_bInstituto Nacional de Estadística, Geografía e Informática,
_c1995-19
300 _av.
500 _aLa biblioteca tiene : 1994, 1997, 2000, 2004
590 _aBATCH-UPD
_b10
_c20130110
_lUCH01
_h0929
590 _aBATCH-UPD
_b10
_c20130410
_lUCH01
_h0548
590 _aBATCH-UPD
_b10
_c20130914
_lUCH01
_h1824
590 _aCONVERSION
_b10
_c20130109
_lUCH01
_h1323
650 1 4 _aMéxico
_xEstadísticas.
_976743
650 1 4 _aMuestreo estadístico.
_979288
650 1 4 _aSistemas de información.
_9106760
901 _aBK
942 _cLIBRO
949 _a317.2 I53
_bBC
_cINEGI
_d33724000396834
_eINEGI
_f1994
_gI. c/e
_h88954
_i47764
_si
_t35.00
949 _a317.2 I53
_bBC
_cINEGI
_d33724000489696
_eINEGI
_f1994 c.3
_gI. c/e
_h88956
_i47764
_mFalta corregir el libro de clasificaciØn
_si
_t35.00
949 _a317.2 I53
_bBC
_cINEGI
_d33724000701470
_eINEGI
_f1997 c.2
_gI.c/e
_h94060
_i47764
_sb
_t50.00
949 _a317.2 I53
_bBC
_cINEGI
_d33724000701488
_eINEGI
_f1997
_h94059
_i47764
_sb
949 _a317.2 I53
_bBC
_cINEGI
_d33724000755013
_eINEGI
_f1994 c.2
_gI. c/e
_h88955
_i47764
_sb
_t35.00
949 _a317.2 I53
_bBC
_cINEGI
_d33724000799086
_eINEGI
_f2004
_h105372
_i47764
_sb
949 _a317.2 I53
_bBC
_cINEGI
_d33724000843355
_eINEGI
_f2000
_gI.c/e
_h100964
_i47764
_si
_t50.00
949 _a317.2 I53
_bBC
_cINEGI
_d33724000852331
_eINEGI
_f2000 c.3
_h101435
_i47764
_si
949 _a317.2 I53
_bBC
_cINEGI
_d33724000852497
_eINEGI
_f2000 c.2
_gI.c/e
_h101366
_i47764
_si
_t50.00
999 _c42656
_d42656